000 00447nam a22001817a 4500
003 MPLRDC
005 20220104143851.0
008 210129b ||||| |||| 00| 0 eng d
020 _a7-80099-462-7
082 _a490.99 HXY-2
100 _a史源 编
245 _a胡雪岩叱吒商界的九九个方略
_c
250 _a一版一刷
260 _a
_b中国三峡
_c2000
300 _b
650 _a企业家
942 _cBK
_o490.99 HXY-2
999 _c44119
_d44109